00558nam a2200145Ia 4500008004100000022001400041245013600055260002100191856004300212942000800255942000900263952008200272999001700354945004100371240731s9999 xx 000 0 und d a1745-9745 0aJournal of Mathematics and Music : Mathematical and Computational Approaches to Music Theory, Analysis, Composition and Performance bTaylor & Francis uhttps://www.tandfonline.com/loi/tmam20 2ddc cTFEJ 001040708TFEJaUCSCbDLcTFEJd2024-07-31l0r2024-07-31w2024-07-31yTFEJ c77940d77940 a1bMadushi Gamagec1dMadushi Gamage